| Tag |
First Indicator |
Second Indicator |
Subfields |
| LEADER |
00000cam a22000007a 4500 |
| 001 |
in00005773739 |
| 005 |
20260327180334.4 |
| 006 |
m o d |
| 007 |
cr cnu|||||||| |
| 008 |
240914s2024 cau o 000 0 eng d |
| 040 |
|
|
|a EBLCP
|b eng
|c EBLCP
|d YDX
|d OCLCQ
|d OPELS
|d OCLCO
|d OCLCQ
|d OCLCL
|d N$T
|
| 019 |
|
|
|a 1455633546
|
| 020 |
|
|
|a 0443291039
|
| 020 |
|
|
|a 9780443291036
|q (electronic bk.)
|
| 020 |
|
|
|z 9780443291029
|
| 020 |
|
|
|z 0443291020
|
| 035 |
|
|
|a (OCoLC)1455760598
|z (OCoLC)1455633546
|
| 050 |
|
4 |
|a RD120.7
|
| 082 |
0 |
4 |
|a 617.9/54
|2 23/eng/20241016
|
| 049 |
|
|
|a TXAM
|
| 100 |
1 |
|
|a Chen, Shi.
|
| 245 |
1 |
0 |
|a Unveiling the History of Transplantation
|b An Illustrated Review of the Boundaries, Fantasies and Realities.
|
| 260 |
|
|
|a San Diego :
|b Elsevier,
|c 2024.
|
| 300 |
|
|
|a 1 online resource (702 p.)
|
| 336 |
|
|
|a text
|b txt
|2 rdacontent
|
| 337 |
|
|
|a computer
|b c
|2 rdamedia
|
| 338 |
|
|
|a online resource
|b cr
|2 rdacarrier
|
| 500 |
|
|
|a Description based upon print version of record.
|
| 505 |
0 |
|
|a Front Cover -- Unveiling the History of Transplantation -- Copyright Page -- Contents -- 1 Myths and legends -- Chapter outline -- 1.1 Myths and fantasy about transplantation -- 1.2 The legend of transplantation for healing -- 2 A transplantation attempt -- Chapter outline -- 2.1 Tissue transplantation from plant to animal -- 2.1.1 The advent of natural sciences: botany and zoology -- 2.1.2 From garden to farmyard -- 2.1.3 The 19th century: all forms of graft -- 2.2 Transplantation from animals to man -- 3 An early transplantation experiment -- Chapter outline
|
| 505 |
8 |
|
|a 3.1 Vascular anastomosis-the basic of organ transplantation -- 3.2 Pioneer of organ transplantation-Emerich Ullmann -- 3.2.1 Intestinal transplantation -- 3.2.2 Kidney transplantation -- 3.2.3 Transplantation of tissues and further medical accomplishments -- 3.2.4 Later life and death -- 3.3 Alexis Carrel: father of vascular anastomosis and organ transplantation -- 4 Transplantation immunology -- Chapter outline -- 4.1 The transplantation immunology evolving -- 4.2 Sir Peter Medawar-the father of transplant immunology -- 4.3 A short history of HLA
|
| 505 |
8 |
|
|a 4.3.1 It started in the mouse: discovery of histocompatibility antigen II and the H-2 complex -- 4.3.2 Discovery of the "first" HLA antigens -- 4.3.3 The HLA class I and II antigens are strong histocompatibility antigens -- 4.4 The discovery of T cells-important milestone of immunology -- 4.5 Paul Ichiro Terasaki-biologist and a pioneer of HLA testing -- 5 Kidney transplantation -- Chapter outline -- 5.1 The first human cadaver kidney transplantation -- 5.2 The first successful cadaveric orthotopic kidney transplant -- 5.3 The 1950s Paris Launched Kidney transplantation
|
| 505 |
8 |
|
|a 5.4 First living relatives kidney transplantation -- 5.5 René Küss -- a transplant pioneer in Paris -- 5.6 Distinguished pioneer of kidney transplantation-Jean Hamburger -- 5.7 David Hume's contributions to organ transplantation -- 5.8 The first real successful kidney transplantation in 1954 -- 5.9 The neglected pioneer of dialysis for kidney transplantation -- Gordon Murray -- 5.9.1 Early years -- 5.9.2 Invention of a dialysis machine -- 5.9.3 Preclinical transplant research -- 5.9.4 The first modern kidney yransplantation series -- 5.9.5 Conclusions -- 5.10 The road to artificial kidney development
|
| 505 |
8 |
|
|a 6 Liver transplantation -- Chapter outline -- 6.1 The first report of orthotopic liver transplantation in the world -- 6.2 Thomas Starzl-pioneering efforts in organ transplantation -- 6.3 Sir Roy Calne-transplantation pioneer and artist -- 6.4 Living donor liver transplantation -- 6.5 Split liver transplantation -- 6.6 Domino liver transplantation -- 7 Thoracic organ transplantation -- Chapter outline -- 7.1 Vladimir Petrovich Demikhov-a pioneer of intrathoracic transplantation -- 7.2 Heart transplantation from experiment to clinical application -- 7.2.1 Clinical heart transplantation in humans
|
| 500 |
|
|
|a 7.3 Norman E. Shumway-father of heart transplantation
|
| 650 |
|
0 |
|a Transplantation of organs, tissues, etc.
|
| 650 |
|
6 |
|a Greffe (Chirurgie)
|
| 655 |
|
7 |
|a Electronic books.
|2 local
|
| 710 |
2 |
|
|a ScienceDirect (Online service)
|
| 776 |
0 |
8 |
|i Print version:
|a Chen, Shi
|t Unveiling the History of Transplantation
|d San Diego : Elsevier,c2024
|z 9780443291029
|
| 856 |
4 |
0 |
|u http://proxy.library.tamu.edu/login?url=https://www.sciencedirect.com/science/book/9780443291029
|z Connect to the full text of this electronic book
|t 0
|
| 955 |
|
|
|a Elsevier ScienceDirect 2026-2027
|
| 994 |
|
|
|a 92
|b TXA
|
| 999 |
f |
f |
|i 4b5af698-9d27-4a3e-aaaa-00a2610e7834
|s c984bd2c-730a-43a0-8b54-19446d3aa776
|t 0
|
| 952 |
f |
f |
|a Texas A&M University
|b College Station
|c Electronic Resources
|s www_evans
|d Available Online
|t 0
|e RD120.7
|h Library of Congress classification
|
| 998 |
f |
f |
|a RD120.7
|t 0
|l Available Online
|